00701 2200253 4500001002100000005001700021008004100038020002200079035002500101040001200126082001200138084001800150100002500168245005300193250001000246260003600256300003500292504003100327650002300358850001200381990001800393990001800411990001800429INLIS00000000001778020160222152045.0  a978-602-262-485-3 a0010-021600000000868 aYOPDYOG a658.409 a658.409 Tam P aTAMBUNAN, Toman Sony aPemimpin dan kepemimpinanc/ Toman Sony Tambunan aCet.1 aYogyakarta:bGraha Ilmu,c2015. axii, 305 hlm.:bilus.;c23 cm. aBibliografi : hlm. 299-305 aKecakapan Pimpinan aYOPDYOG a26986-PD/B.15 a26987-PD/B.15 a26988-PD/B.15